Diseñando apps para móviles.
-д хадгалсан:
| Үндсэн зохиолч: | |
|---|---|
| Бусад зохиолчид: | |
| Формат: | Ном |
| Хэвлэсэн: |
[s.l]:
[s.n.],
2013.
|
| Хэвлэл: | Primera edición. |
| Нөхцлүүд: | |
| Шошгууд: |
Шошго нэмэх
Шошго байхгүй, Энэхүү баримтыг шошголох эхний хүн болох!
|
MARC
| LEADER | 00000nam a22000007a 4500 | ||
|---|---|---|---|
| 003 | CL-VaPUC | ||
| 005 | 20250407202451.0 | ||
| 008 | 250318t2013 ||||| |||| 00| 0 eng d | ||
| 999 | |c 447425 |d 447423 | ||
| 020 | |a 978-1495454448 | ||
| 040 | |c Pontificia Universidad Católica de Valparaíso | ||
| 082 | |a 005.4 CUE 2013 | ||
| 100 | |9 589332 |a Cuello, Javier |e autor | ||
| 245 | |a Diseñando apps para móviles. | ||
| 250 | |a Primera edición. | ||
| 260 | |a [s.l]: |b [s.n.], |c 2013. | ||
| 300 | |a 276 páginas: |b ilustraciones. | ||
| 500 | |a c.1-c.2.Instituto Arcos.08-01-2025. | ||
| 583 | |c 20250318 |k Gabriela Rodríguez Cuevas | ||
| 650 | 0 | |9 884403 |a Aplicaciones móviles |x Diseño | |
| 650 | 0 | |9 571814 |a Dispositivos móviles |x Teléfonos y tablets |x Programas y sistemas de programación | |
| 700 | |9 589333 |a Vittone, José |e autor | ||
| 942 | |2 ddc |c BK |n 0 | ||
| 952 | |0 0 |1 0 |2 ddc |4 0 |6 005_400000000000000_CUE_2013 |7 0 |8 A |9 601438 |a BIBINC |b BIBINC |d 2025-03-18 |e Instituto Arcos |i 5666316 |o 005.4 CUE 2013 |p 5666316 |r 2025-03-18 |t 2 |w 2025-03-18 |y BK |k IFP | ||
| 952 | |0 0 |1 0 |2 ddc |4 0 |6 005_400000000000000_CUE_2013 |7 0 |8 A |9 601439 |a BIBINC |b BIBINC |d 2025-03-18 |e Instituto Arcos |i 5666315 |o 005.4 CUE 2013 |p 5666315 |r 2025-03-18 |t 1 |w 2025-03-18 |y BK |k IFP | ||